[Event "Sautron op 18th"]
[Site "Sautron "]
[Date "2018.10.20"]
[Round "4.11"]
[White "Duboue, Peio"]
[Black "Pulvett Marin, Daniel Eduardo"]
[Result "1/2-1/2"]
[WhiteElo "2399"]
[BlackElo "2472"]
[Annotator "Primel,D"]
[PlyCount "64"]
[EventDate "2018.10.20"]
[EventType "swiss"]
[EventRounds "9"]
[EventCountry "FRA"]
[SourceTitle "EXT 2021"]
[Source "ChessBase"]
[SourceDate "2020.10.23"]
[SourceVersion "1"]
[SourceVersionDate "2020.10.23"]
[SourceQuality "1"]
[TimeControl "40/5400+30:1800+30"]

1. e4 c5 2. Nf3 d6 3. d4 cxd4 4. Nxd4 Nf6 5. Nc3 a6 6. Nb3 {Une idée récente
assez surprenante lorsqu'on pense à toutes les siciliennes où les Noirs
jouent e5 pour décentraliser le Nd4 mais les résultats des Blancs sont assez
bons} g6 (6... Nbd7 7. g4 h6 8. a4 Qc7 9. Bg2 Ne5 10. h3 g5 $5 11. f4 gxf4 12.
Bxf4 Bg7 {Bartel,M (2623)-Ragger,M (2695) Bundesliga 1516 2015 (12.7) 1-0}) (
6... e5 {Le coup principal mais qui parait moins logique car le repli Nb3
renforce le contrôle de la case d5} 7. Bg5 $14 {[%csl Gd5]}) (6... e6 7. g4 $5
b5 8. Bg2 {[%cal Ge4e5,Gg2a8]} Bb7 9. g5 Nfd7 10. O-O Be7 11. f4 O-O 12. Qg4
$14 {Demchenko,A (2645)-Areshchenko,A (2652) FIDE World Cup 2017 (1.2) 1-0}) (
6... Nc6 $5 {Probablement le plus souple} 7. Be3 e6 {Transposant dans la
scheveningen avec l'idée de gagner de l'espace à l'aile-dame par a4a5} (7...
Ng4 8. Bd2 {Grischuk,A (2752)-Kokarev,D (2636) RUS-ch 69th Novosibirsk 2016 
(11) 1-0}) 8. a4 {[%cal Ga4a5]} b6 9. Be2 Be7 10. O-O O-O 11. f4 Qc7 $132) 7.
Be2 Bg7 8. Be3 Nbd7 9. a4 $5 b6 10. f4 Bb7 11. Bf3 Qc7 12. O-O O-O 13. g4 $5 (
13. Qe2 Rac8) 13... Nc5 (13... Rfc8 14. Rf2 Ne8 15. Bd4 e5 16. fxe5 Nxe5 17.
Nd5 Bxd5 18. exd5 b5 19. c3 b4 20. cxb4 Rab8 21. Rc1 Qd7 22. Rxc8 Qxc8 23. Bxe5
Bxe5 24. Na5 Rxb4 25. Nc6 Qb7 26. Nxb4 Qxb4 27. Kh1 Nf6 28. g5 Qh4 29. Qf1 Qxg5
30. Qxa6 Qf4 31. Qc8+ Kg7 32. Qc2 Bd4 33. Rf1 {1/2-1/2 (33) Hort,V (2620)
-Pokojowczyk,J (2345) Polanica Zdroj 1977}) 14. a5 $146 (14. Nxc5 bxc5 15. Rb1
e6 16. g5 Nd7 17. f5 Be5 18. Qd2 gxf5 19. exf5 d5 20. Qg2 Nb6 21. f6 Nc4 22.
Bc1 Kh8 23. Qh3 Rg8 24. Be2 Nd6 25. Bd3 Ne4 26. Qh4 c4 27. Bxe4 dxe4 28. Be3
Rg6 29. Kf2 Rag8 30. Rg1 Qc6 31. Rg4 Bxf6 32. Rbg1 Be5 33. Nxe4 Qxa4 34. b3 Qa2
35. bxc4 Qxc2+ 36. Nd2 f5 37. gxf6 Qf5+ 38. Ke2 Rxg4 39. f7 Rg2+ {0-1 (39)
Majigsuren,D (2155)-Farago,S (2360) Budapest 1995}) 14... b5 15. e5 {[%cal
Ge3c5,Gb3c5]} Nfd7 16. Nd5 Bxd5 17. Qxd5 Rac8 18. exd6 exd6 19. Nxc5 Nxc5 20.
c3 Na4 (20... Rfe8 $132 {[%cal Ge8e3]}) 21. Qd2 Qxa5 22. Bd1 $1 (22. b3 Bxc3
23. Qe2 Bxa1 24. Rxa1 Qb4 25. bxa4 Rfe8 {[%csl Re2,Re3]}) 22... Rfe8 23. Bd4 $1
Bxd4+ 24. Qxd4 Qd8 25. Bxa4 bxa4 26. Rxa4 Re2 27. f5 $1 {[%cal Gf5f6,Gd4f4,
Gf4h6]} Qh4 $1 {[%cal Gh4h2] Empêche la menace f6 suivi de Qh6 tout en
attaquant} 28. Qxd6 g5 $5 29. Qg3 Qxg3+ 30. hxg3 Rxb2 $11 31. Rf2 Rb1+ 32. Kh2
Rxc3 1/2-1/2

[Event "Lvov"]
[Site "Lvov"]
[Date "1984.02.22"]
[Round "10"]
[White "Short, Nigel D"]
[Black "Psakhis, Lev"]
[Result "0-1"]
[WhiteElo "2500"]
[BlackElo "2535"]
[Annotator "Psakhis,L"]
[PlyCount "74"]
[EventDate "1984.02.10"]
[EventType "tourn"]
[EventRounds "13"]
[EventCountry "URS"]
[EventCategory "11"]
[SourceTitle "MCL"]
[Source "ChessBase"]
[SourceDate "1999.07.01"]
[SourceVersion "1"]
[SourceVersionDate "1999.07.01"]
[SourceQuality "1"]

1. e4 c5 2. Nf3 d6 3. d4 cxd4 4. Nxd4 Nf6 5. Nc3 a6 6. f4 e5 7. Nf3 Nbd7 8. a4
Be7 9. Bc4 Qa5 10. fxe5 Nxe5 11. Nxe5 dxe5 12. Bd2 (12. Qd3 $5 {Psakhis}) 12...
Qc5 13. Bd3 Bg4 14. Qc1 Be6 15. Be3 Qc6 16. h3 Bb4 $15 17. Bd2 O-O 18. O-O Bxc3
19. Bxc3 Nxe4 20. Bxe4 Qxe4 21. Re1 Qg6 22. Rxe5 Bxh3 23. Qg5 Bd7 24. Qe7 Qb6+
25. Kh1 Qh6+ 26. Kg1 Bc6 27. Rg5 f6 28. Qe6+ Kh8 29. Rg3 Rae8 30. Qd6 Rd8 31.
Qe7 Rfe8 32. Qf7 Rf8 33. Qe7 Rde8 34. Qd6 Qh4 35. Rd1 Rf7 36. Rd4 Rd7 37. Re3
Qxd4 0-1

[Event "Syre Memorial op 36th"]
[Site "Issy les Moulineaux"]
[Date "2013.05.09"]
[Round "3"]
[White "Lamorelle, Julien"]
[Black "Guliyev, Namig"]
[Result "0-1"]
[WhiteElo "2304"]
[BlackElo "2550"]
[Annotator "RR"]
[PlyCount "50"]
[EventDate "2013.05.08"]
[EventType "swiss"]
[EventRounds "7"]
[EventCountry "FRA"]
[SourceTitle "EXT 2015"]
[Source "ChessBase"]
[SourceDate "2014.11.20"]
[SourceVersion "1"]
[SourceVersionDate "2014.11.20"]
[SourceQuality "1"]
[TimeControl "40/5400+30:1200+30"]

1. e4 c5 2. Nf3 d6 3. d4 cxd4 4. Nxd4 Nf6 5. Nc3 a6 6. f4 e5 (6... e6) 7. Nf3 (
7. Nb3 Nbd7 8. Be3 Be7 9. Be2 O-O 10. O-O b5 11. a4 b4 12. Nd5 Bb7 13. Nxb4
Nxe4 14. Nd5 Nef6 15. Nxe7+ Qxe7 16. Na5 Be4 17. c4 {Sax,G (2513)-Vegh,E (2252)
Zalakaros op 30th 2011 (9) 0-1} (17. Qd2 Rfe8 18. fxe5 Nxe5 19. Bd4 Bg6 $13 {
Vegh})) 7... Qc7 (7... Nbd7) 8. Bd3 Be6 9. a4 Be7 10. O-O Nbd7 11. Kh1 (11. Qe1
exf4 12. Bxf4 Ne5 13. Kh1 O-O 14. Nxe5 dxe5 15. Bg5 Nh5 16. Bd2 Nf6 17. Qh4 Kh8
18. Bg5 Ng8 19. Nd5 Bxg5 20. Qxg5 Qd6 21. c4 Bxd5 22. exd5 Rae8 23. a5 e4 24.
Be2 Nf6 25. Ra3 h6 {Gomez,J (2515)-Sitanggang,S (2376) Jakarta 2011 1-0 (41)})
11... O-O 12. Be3 (12. Qe1 Rfe8 (12... Rac8)) 12... Rac8 $146 (12... exf4 13.
Bxf4 Ne5 14. Nxe5 dxe5 15. Bg5 Rfd8 16. Bxf6 Bxf6 {1/2-1/2 (16) Bottini,P 
(1908)-Agnello,G (2139) Siracusa 2006}) 13. Qe1 (13. f5 Bc4 $132) 13... Rfe8
14. Rd1 {Un coup pas trés utile et qui affaiblit la protection du P"a4"'} (14.
Qg3 Nh5) (14. f5 $142 Bc4 15. Nd2 Bxd3 16. cxd3 d5 $1 17. exd5 Bb4 18. Nde4
Nxe4 19. dxe4 Bxc3 20. bxc3 Qxc3 $11) (14. Nd2 {[%cal Gf4f5]} Nc5 15. f5 Bd7
16. g4 $13) 14... Nc5 15. f5 {Profitant du fait que le GMI n'a plus la
réponse Bc4'} Bd7 $36 16. Qg3 Nxa4 17. Nd5 $6 Nxd5 18. Bh6 Bf8 19. exd5 f6 20.
Be4 Nxb2 21. Rb1 Bb5 22. Rfe1 Na4 23. h4 Nc3 24. Rb3 Nxe4 25. Rxe4 Qxc2 0-1

[Event "Aceimar op"]
[Site "Mondariz"]
[Date "1994.??.??"]
[Round "?"]
[White "Jepson, Christian"]
[Black "Rodriguez Cespedes, Amador"]
[Result "0-1"]
[WhiteElo "2325"]
[BlackElo "2515"]
[Annotator "Rodriguez,Am"]
[PlyCount "86"]
[EventDate "1994.07.??"]
[EventType "swiss"]
[EventRounds "9"]
[EventCountry "ESP"]
[SourceTitle "CBM 042"]
[Source "ChessBase"]
[SourceDate "1994.10.01"]
[SourceVersion "1"]
[SourceVersionDate "1994.10.01"]
[SourceQuality "1"]

1. e4 c5 2. Nf3 d6 3. d4 cxd4 4. Nxd4 Nf6 5. Nc3 a6 6. f4 e5 7. Nf3 Nbd7 8. a4
Be7 9. Bd3 O-O 10. O-O exf4 11. Bxf4 {In most games the safer 11.Kh1 is
preferred when Black may replay 11...Nc5, 11...Ne5 or even 11...Nh5!?. The
text is very aggressive forcing Black to defend accurately.} Qb6+ 12. Kh1 Qxb2
13. Nd5 $146 {A new try by the swedish master Jepson.} (13. Qd2 Qb6 14. Nd5
Nxd5 15. exd5 Nc5 16. Ng5 Bxg5 17. Bxg5 f6 18. Be3 Qc7 {Did not cause any
particular problems to Black in Vogt-Gelfand, Halle 1987.}) (13. Qe1 {The main
line.} Qb6 $1 {The latest try.} (13... Qb4 {The older method of defence, at
presente in doubt due to the following game:} 14. Rb1 Qc5 15. Nd5 Nxd5 16. exd5
Bf6 17. c4 Qc7 18. Qg3 Ne5 19. Bg5 $1 Bxg5 20. Bxh7+ $1 Kxh7 21. Nxg5+ Kh6 22.
Qh4+ Kg6 23. Rb3 $1 {With a winning attack, Vogt-Womacka, DDR 1989}) 14. Nd5 (
14. Rb1 $2 Qd8 15. e5 dxe5 16. Nxe5 Nc5 $1 17. Bc4 Be6 $17 {Zarnicki-Dvoirys,
Biel (izt) 1993}) 14... Nxd5 15. exd5 Qd8 {The first critical position for the
assesment of the whole variation. Our game will transpose into it in a few
more moves.}) 13... Nxd5 14. exd5 Qb6 {This game was played two rounds after
Jepson-Nedobora where White had a very miserable position after 14...Qb4 15.
Qe1?. Over the board I did not like the possibility of an improvement from my
opponent who had played fast thus far.} (14... Qb4 $5 {This logical move was
played in the very first game with 13.Nd5} 15. Qe1 $2 {A very weak move that
allows Black to reach immediately a favourable position.} (15. Bg5 $5 {Much
more dangerous.} Bxg5 $2 (15... Bf6 $1 $13) 16. Bxh7+ $1 Kxh7 17. Nxg5+ Kg6 18.
Qd3+ f5 19. Ne6 $40 {White's attack seems devastating to me.}) 15... Qxf4 16.
Qxe7 Nf6 17. Rae1 Bg4 $17 {Jepson-Nedobora/Mondariz op (2)/1994/}) 15. Qe1 {
By this we now transpose into the main line of the 11.Bxf4 variation. White
could also play 15.Qe2 to take advantage of the move order, but in general,
the queen enjoys better perspectives on g3.} Qd8 {We are now following
Nijboer-Wojtkiewicz/Antwerpen/1993/ a very important game for this variation.}
16. c4 (16. Qg3 {Mentioned in informant 59 by Wojtkiewicz who now gives 16...
Nf6-/+. For some reason Van Wely, playing against De Firmian did not like the
move and choosed instead:} Nc5 17. Rae1 Nxd3 18. cxd3 Bf5 19. Re3 Re8 20. Rfe1
Qd7 21. a5 Bf8 22. Rxe8 Rxe8 23. Rxe8 Qxe8 24. Bxd6 Bxd6 25. Qxd6 f6 26. Qc7
Qb5 27. d6 Qb1+ 28. Ng1 Qxd3 $17 {De Firmian-Van Wely, Akureyri 1994}) 16...
Nc5 17. Bc2 Bg4 18. Qg3 Bxf3 19. Rxf3 Bh4 (19... f5 $6 20. Raf1 g6 21. Bh6 Bh4
22. Qh3 Rf7 23. Bxf5 $1 {With a dangerous attack, Reinderman-Dvoiris,
Leeuwarden 1993}) 20. Qh3 (20. Qg4 $5 {/\ Raf1 comes into serious
consideration.}) 20... g6 21. Bh6 $146 (21. Raf1 $6 Bg5 $1 22. Bg3 f5 23. Bf2
Nd7 24. Bd4 Bf6 $17 {Nijboer-Wojtkiewicz, Antwerpen 1993, 59/298}) 21... Bf6
22. Raf1 Bg7 {Given as -/+ in 59/298 by Wojtkiewicz but at first sight one can
see that things are not so easy. White has five well positioned pieces
pointing at Black's king, while the black knight, beautifuly placed on c5 is
too far to} 23. g4 $1 $40 {For the moment the immediate double rook sacrifice
on f7 was losing, on some lines the pawn on g4 makes a difference.Besides
White is simply threatening g5 Bxg7,Qh6+ and Rh3 with an eventual sacrifice on
g6 in the air. There is} (23. Bxg7 Kxg7 24. Rxf7+ $2 Rxf7 25. Rxf7+ Kxf7 26.
Qxh7+ Kf6 27. Qxg6+ Ke5 28. Qg3+ Kd4 $19) 23... f6 $6 {A move I rejected
immediately for positional reasons, if White could play Bf4, Qg3, h4-h5 his
position would be wonderful. Later I was too impressed by his attacking
chances after g4-g5 and decided to stop his g-pawn.} (23... Qe7 $1 {Logical
and best. Black counts on a tactical defense against the plan with g5.} 24. Re3
$1 (24. g5 $6 Rae8 25. Bxg7 Kxg7 26. Qh6+ Kg8 27. Rh3 f5 $1 28. gxf6 Rxf6 $1
$17 {/\} 29. Rxf6 $2 Qe1+ $1 30. Kg2 Re2+ 31. Kf3 Qf1+ 32. Kg4 Rg2+ $19) (24.
Bxg7 $5 Kxg7 25. Re3 Qg5 26. Qg3 (26. Rfe1 Qf4 $1) 26... Rae8 (26... b6 $5 27.
h4 Qd8 {/\ Ra7}) 27. Rxe8 Rxe8 28. Qxd6 $13) 24... Be5 $5 (24... Qd7 25. Bxg7
Kxg7 26. Qh4 $40) 25. Bxf8 Rxf8 26. Qh6 f6 $44 {Looks certainly OK for Black.})
(23... Rc8 $2 {Simply too passive. A good example of what happens if Black
does nothing.} 24. g5 Rc7 25. Bxg7 Kxg7 26. Qh6+ Kg8 27. Bxg6 hxg6 28. Rh3 f5
29. gxf6 $18) (23... Nd7 $2 {On this move I spent only a couple of minutes. It
is clear that now the double sacrifice on f7 guarantees minimun a draw so the
position would not be -/+. Careful scrutiny after the game showed that White
is actually winning!} 24. Bxg7 Kxg7 25. Rxf7+ $3 Rxf7 26. Rxf7+ Kxf7 27. Qxh7+
Kf8 (27... Kf6 28. Qxg6+ Ke5 29. Qe4+ Kf6 30. g5+ Kg7 (30... Kxg5 31. Qg6+ Kh4
(31... Kf4 32. Qg3#) 32. Bd1 $1 $18) 31. Qh7+ Kf8 32. Qh8+ Kf7 (32... Ke7 33.
Qg7+ Ke8 34. Bg6#) 33. g6+ Ke7 34. Qg7+ Ke8 35. Qf7#) 28. Qh6+ Kf7 29. Bxg6+
Kf6 30. Bh7+ $3 Ke5 (30... Kf7 31. Qg6+ Kf8 32. Qg8+ Ke7 33. Qg7+ Ke8 34. Bg6#)
31. Qe3+ Kf6 32. Qe6+ Kg5 (32... Kg7 33. Qg6+) 33. Qf5+ $18) 24. Bxg6 $5 {
Surprise,surprise. I had calculated this and thought it was a losing sacrifice}
(24. Bf4 Re8 {/\ Ne4}) 24... hxg6 25. Bxg7 (25. g5 Qd7 $1 $19) 25... Kxg7 26.
g5 Rh8 (26... Qd7 {During the game I did not consider this possibility, since
I thought that 26...Rh8 was winning without problems. 26...Qd7 is in fact much
worse.} 27. Qh6+ Kg8 28. gxf6 $1 (28. Rxf6 Qg7 29. Rxg6 Rxf1+ 30. Kg2 Rf7 31.
h4 Rd8 $17) 28... Qh7 29. Qe3 $1 $16 {Creating the very strong threat 30.Rh3
followed by Qh6.} Rae8 $2 30. f7+ $1 $18) 27. gxf6+ Kf7 28. Qg3 $1 $40 {
At this point my opponent had only 5 minutes left while I had nearly one hour.
White is a full piece down and I expected to find a quick refutation, however
as time passed I convinced myself that I was wrong, the attack is} Nd7 $5 (
28... Qd7 29. Re3 Kf8 (29... Rae8 30. Re7+ Rxe7 31. fxe7+ Kxe7 32. Qg5+ Ke8 33.
Qxg6+ Kd8 34. Qf6+ $18) 30. Qxg6 Qh7 31. Qg3 Rd8 32. Re7 Qh6 33. Rc7 Rg8 34.
Qe1 Re8 35. Qxe8+ Kxe8 36. f7+ $18) (28... Re8 {/\ Re5} 29. Rg1 Rg8 30. Re3
Kxf6 (30... Qxf6 31. Rf3) 31. Qh4+ g5 32. Qh6+ $18 {/\ Rf1}) (28... Rh5 {/\ Re5
} 29. Rg1 $16) (28... Ne4 29. Qf4 Re8 30. Qh6) 29. Qxd6 Re8 (29... Nf8 30. Qf4
{/\ Re1-e7}) 30. Rh3 $1 Nf8 (30... Nxf6 31. Rxf6+ $1 Qxf6 32. Rh7+ Kg8 33. Qxf6
Kxh7 34. Qf7+ $18) 31. Qf4 Re2 $8 32. Re3 $2 (32. Qh6 $1 Qd6 33. Qg7+ Ke8 34.
Rh8 $16) 32... Rxe3 33. Qxe3 Qe8 $1 34. Qh6 Qe4+ 35. Kg1 Rc8 $1 36. Qg7+ $2 (
36. Rf4 $142) 36... Ke8 37. Qxb7 Rxc4 38. Qb8+ Kd7 39. Qxf8 Qg4+ 40. Kh1 Qe4+
41. Kg1 Qd4+ $1 $19 42. Kg2 (42. Kh1 Qxd5+ 43. Kg1 Rg4+ $19) 42... Rc2+ 43. Kg3
Qe3+ 0-1

[Event "Candidates qf1"]
[Site "Brussels"]
[Date "1991.??.??"]
[Round "1"]
[White "Short, Nigel D"]
[Black "Gelfand, Boris"]
[Result "0-1"]
[WhiteElo "2660"]
[BlackElo "2665"]
[Annotator "Rogers,I"]
[PlyCount "48"]
[EventDate "1991.08.??"]
[EventType "match"]
[EventRounds "8"]
[EventCountry "BEL"]
[SourceTitle "Candidates"]
[Source "ChessBase"]
[SourceDate "1999.07.01"]
[SourceVersion "2"]
[SourceVersionDate "1999.07.01"]
[SourceQuality "1"]

1. e4 c5 2. Nf3 d6 3. d4 cxd4 4. Nxd4 Nf6 5. Nc3 a6 6. f4 Qc7 7. Be2 {Short
has scored many impressive victories against the Najdorf Sicilian but here he
adopts an unexpectedly quiet approach.} (7. Nf3 {/\8.Bd3 would be more in
Short's style.}) 7... e5 8. Nb3 b5 9. O-O Bb7 10. Qd3 Nbd7 11. a3 Be7 12. g4 $2
{Now such aggression is completely unjustified. White's pieces are not well
placed to support a pawn attack and Black's king has not yet castled and
therefore remains a moving target.} exf4 13. Bxf4 Ne5 14. Bxe5 dxe5 15. g5 Nd7
16. h4 {Played after great thought.} ({Short may have originally intended} 16.
Nd5 Bxd5 17. Qxd5 O-O 18. Rxf7 $5 {but unfortunately Black has the remarkable
answer} Qa7+ $3 19. Rf2+ Kh8 20. Raf1 Rxf2 21. Rxf2 Rf8 {winning easily. Soon
White will suffer from the lack of pawn protection around his king and Gelfand
exploits this factor with great virtuosity.}) 16... O-O 17. Nd5 Bxd5 18. exd5
e4 $1 19. Qxe4 Qg3+ 20. Qg2 ({After} 20. Kh1 Bd6 {forces the text move under
even worse circumstances.}) 20... Qxh4 21. Rad1 Bxg5 22. Rd3 Rae8 23. Rf5 h6 {
Short, a pawn down and seriously short of time, now blunders but his material
deficit and lack of control over the dark squares would in any case have
guaranteed defeat in the long run.} 24. Nd2 $2 Nc5 (24... Nc5 $1 25. Nf3 Qe4 {
one of White's rooks is doomed.}) 0-1

[Event "Hoogeveen Unive Crown 16th"]
[Site "Hoogeveen"]
[Date "2012.10.22"]
[Round "2"]
[White "Hou, Yifan"]
[Black "Giri, Anish"]
[Result "1/2-1/2"]
[WhiteElo "2623"]
[BlackElo "2693"]
[Annotator "Safarli,E"]
[PlyCount "115"]
[EventDate "2012.10.21"]
[EventType "tourn"]
[EventRounds "6"]
[EventCountry "NED"]
[EventCategory "18"]
[SourceTitle "CBM 151"]
[Source "ChessBase"]
[SourceDate "2012.11.13"]
[SourceVersion "1"]
[SourceVersionDate "2012.11.13"]
[SourceQuality "1"]

1. e4 c5 2. Nf3 d6 3. d4 cxd4 4. Nxd4 Nf6 5. Nc3 a6 6. f4 {I think that by
selecting this variation, White simply wished to play without much preparation
- he just wanted to create problems for Black over the board. Let's see what
happens...} e5 7. Nf3 Nbd7 8. a4 Qc7 {Black doesn't allow White to develop his
bishop on c4.} ({The main line is} 8... Be7 9. Bc4 ({or} 9. Bd3 O-O 10. O-O
exf4 (10... Nc5)) 9... O-O 10. O-O exf4 11. Bxf4 Qb6+) 9. Bd3 Be7 10. O-O O-O
11. Kh1 Nc5 (11... b6 {This was another setup for Black which is also
interesting}) 12. Qe2 Bd7 13. fxe5 dxe5 14. Bg5 Be6 15. Nh4 Nxd3 16. cxd3 Ne8
$1 {After this typical manoeuvre Black doesn't have any problems.} 17. Bxe7
Qxe7 18. Nf3 ({Black is also okay after} 18. Nf5 Bxf5 19. Rxf5 (19. exf5 Nf6)
19... Nc7) 18... f6 (18... Qd6 $5) 19. d4 Rc8 20. Rac1 ({Of course} 20. d5 {
here would be a mistake because after} Bg4 {even though White has a well
protected passed pawn, Black's position is still much better, taking into
account the strong knight on d6 and White's weaknesses on the queenside.} 21.
h3 Bxf3 22. Rxf3 Nd6 $15) 20... exd4 21. Nd5 Qd6 22. Rxc8 Bxc8 23. Qc4 Be6 24.
Nxd4 Rf7 25. h3 $6 (25. Re1 $5) (25. Rd1 $5) 25... Bxd5 {Anish was playing too
fast.} ({I think after} 25... Qe5 $1 $15 {Black would have a slightly better
position without any risk.}) 26. exd5 Nc7 27. Nf5 $1 Qxd5 28. Qg4 h5 $2 {
Another mistake.} ({Black should have played} 28... Rd7 $1 29. Nxg7 Rxg7 30.
Qc8+ Kf7 31. Qxc7+ Kg6 32. Qf4 Qe5 $11 {with equality.}) 29. Qxh5 Rd7 30. Re1
$1 Kf8 $1 (30... Qf7 31. Qg4) 31. Qh8+ Qg8 32. Qh4 a5 33. Qg4 (33. Re3 Qd5 $1)
(33. b4 Qd5 $1) 33... Qf7 ({Now} 33... Qd5 $2 {is wrong because of} 34. Nxg7 $1
Rxg7 35. Qc8+ Kf7 36. Qxc7+ Kg6 37. Qc2+ f5 38. b3 $16) 34. Nh4 (34. Qf3 $1 {
was also possible and probably even better. White's attack might be strong here
} b6 35. Qa3+ Kg8 36. Qe3 Qh5 (36... Nd5 $2 37. Qg3 $1 {and White is almost
winning in this spectacular line} Qh5 38. Qb8+ Kh7 39. Re4 $1 $18 Qxf5 40. Rh4+
Kg6 41. Qe8+ Rf7 (41... Kg5 42. Qh5#) 42. Rg4+ $1 $18) 37. Ne7+ Kf8 38. Nc8 (
38. Qxb6 $2 Qe8 $1) 38... b5 39. axb5 Qxb5 40. Nd6 Qb8 $8 41. Qe4 $40) 34... g5
$6 {Black did not necessarily have to weaken his pawns on the queenside} ({
Better was} 34... Qd5 $1 {and it seems after} 35. Ng6+ Kf7 {Black has nothing
to worry about}) 35. Nf5 Qd5 36. Rf1 Qd3 37. Ng3 Ne8 38. Rf3 $6 ({After} 38.
Kh2 $16 {Black was supposed to defend in an unpleasant position.}) 38... Qd1+
39. Kh2 Rd3 $1 {Nice trick, after which the position gets simplified and most
probably the game is going to end in a draw.} 40. Qxg5 Rxf3 41. Qc5+ Qd6 $5 (
41... Kg8 {is possible as well} 42. gxf3 Qxf3 43. h4 Qb3 $11) 42. Qxd6+ Nxd6
43. gxf3 Nc4 44. Ne4 Nxb2 45. Nc5 Kf7 46. Nxb7 Nxa4 47. Nxa5 Kg6 48. Kg3 Nc3
49. Nb3 Ne2+ 50. Kg4 f5+ 51. Kh4 Kh6 52. Nd2 Nd4 53. Kg3 Kg5 54. Nf1 f4+ 55.
Kg2 Kh4 56. Nd2 Nc2 57. Nc4 Ne1+ 58. Kf2 1/2-1/2